La oposición en la U.R.S.S. (Record no. 71120)

MARC details
000 -LEADER
campo de control de longitud fija 00566nam a2200181 i 4500
001 - NÚMERO DE CONTROL
campo de control 71120
003 - IDENTIFICADOR DE NÚMERO DE CONTROL
campo de control ES-MaACL
005 - FECHA Y HORA DE LA ÚLTIMA TRANSACCIÓN
campo de control 20230906171028.0
007 - CAMPO FIJO DE DESCRIPCIÓN FÍSICA--INFORMACIÓN GENERAL
campo de control de longitud fija t|
008 - DATOS DE LONGITUD FIJA--INFORMACIÓN GENERAL
campo de control de longitud fija 040805s1971 sp ||||1| spa d
100 1# - ENTRADA PRINCIPAL--NOMBRE DE PERSONA
Nombre de persona Gaucher, Roland.
9 (RLIN) 55985
245 13 - MENCIÓN DEL TÍTULO
Título La oposición en la U.R.S.S.
Resto del título : 1917-1967 /
Mención de responsabilidad, etc. Roland Gaucher ; [versión de Manuel Castillo Molina].
250 ## - MENCION DE EDICION
Mención de edición [1ª ed.].
260 ## - PUBLICACIÓN, DISTRIBUCIÓN, ETC.
Lugar de publicación, distribución, etc. Barcelona :
Nombre del editor, distribuidor, etc. Luis de Caralt,
Fecha de publicación, distribución, etc. [1971]
300 ## - DESCRIPCIÓN FÍSICA
Extensión 422 p., 8 lám. ;
Dimensiones 22 cm.
700 1# - ENTRADA AGREGADA--NOMBRE PERSONAL
Nombre de persona Castillo Molina, Manuel.
9 (RLIN) 36753
852 ## - LOCALIZACIÓN
Ubicación ES-MaACL
Número de control de estantería C-46835
Sublocalización o colección R.77518
Holdings
Estatus retirado Estado de pérdida Estado de daño No para préstamo Biblioteca de origen Biblioteca actual Ubicación en estantería Fecha de adquisición Fuente de adquisición Total de préstamos Signatura topográfica completa Código de barras Visto por última vez Precio de reemplazo Tipo de ítem Koha
        Biblioteca del Ateneo de Madrid Biblioteca del Ateneo de Madrid Depósito 2 17/01/2008     C-46835 1074469 23/02/2023 23/02/2023 Libro impreso